Statistics for Ski Jumping World Cup - Host Countries

Click here to take the quiz!

General Stats

  • This quiz has been taken 238 times
  • The average score is 18 of 20

Answer Stats

LastCountry% Correct
-Finland
98%
-Germany
98%
-Norway
97%
-Poland
97%
2014Sweden
97%
-Japan
96%
-Russia
96%
-Austria
95%
2012Italy
95%
2004United States
of America
95%
2009Canada
93%
2013Czech Republic
92%
1998France
90%
-Switzerland
90%
-Slovenia
89%
2017South Korea
84%
1980Slovakia
76%
2016Kazakhstan
73%
-Romania
67%
1984Bosnia and
Herzegovina
53%

Score Distribution

Percentile by Number Answered

Percent of People with Each Score

Your Score History

You have not taken this quiz